00737 2200301 4500001002100000005001500021035002000036007000300056008004100059040001700100100002200117245004300139250001300182300002200195020002200217041000800239082000800247084001400255090001800269260003700287600001100324850001000335990001800345990001800363990001800381990001800399990001800417INLIS00000000000303120260529103818 a0010-0221000052ta260529 0  aSBPUPADbind0 aJoko Tri Prasetya1 aIlmu Budaya Dasar /cJoko Tri Prasetya a--Cet--4 a285 hlm. ;c20 cm a978-979-518-198-9 aind a306 a306 JOK i a305 NAS s 8-3 a--Jakarta :bRineka Cipta,c2011 4aBudaya aPUPAD a18239/Br/2013 a14196/BR/2014 a14193/Br/2014 a14236/Br-2013 a18236/Br/2013